Catalog

Record Details

Catalog Search



Available copies

  • 1 of 1 copy available at LARL/NWRL Consortium.

Current holds

0 current holds with 1 total copy.

Show Only Available Copies
Location Call Number / Copy Notes Barcode Shelving Location Status Due Date
Thief River Falls Public Library ERD (Text) 35500002449252 Main Available -

Record details

  • ISBN: 0060975547 (pbk.) :
  • Physical Description: x, 367 p. ; 21 cm.
  • Edition: New and expanded version.
  • Publisher: New York : HarperPerennial, 1993.

Content descriptions

General Note:
"First HarperPerennial edition"--T.p. verso.
Subject: Indians of North America > North Dakota > Fiction.
Ojibwa Indians > Fiction.
LDR 00903cam a2200265Ia 4500
00114602
003LARL_NWRL_CONSORTIUM
00519941108173051.0
008931124s1993 nyu 000 1 eng d
020 . ‡a0060975547 (pbk.) : ‡c$12.00
035 . ‡a(OCoLC)29381223
040 . ‡aWPB ‡cWPB ‡dNTE ‡dKRL
090 . ‡aPS3555.R42 ‡bL6 1993
092 . ‡aFICTION
1001 . ‡aErdrich, Louise. ‡0(LARL_NWRL_CONSORTIUM)76652
24510. ‡aLove medicine / ‡cLouise Erdrich.
250 . ‡aNew and expanded version.
260 . ‡aNew York : ‡bHarperPerennial, ‡c1993.
300 . ‡ax, 367 p. ; ‡c21 cm.
500 . ‡a"First HarperPerennial edition"--T.p. verso.
650 0. ‡aIndians of North America ‡zNorth Dakota ‡vFiction.
650 0. ‡aOjibwa Indians ‡vFiction. ‡0(LARL_NWRL_CONSORTIUM)166488
901 . ‡a14602 ‡bOCLC ‡c14602 ‡tbiblio

Additional Resources